LEADER 00990cam0 2200265 450 001 E600200024919 005 20200824073750.0 100 $a20070201d1989 |||||ita|0103 ba 101 $aita 102 $aIT 200 1 $aNapoli, Palepoli e Partenope$fa cura di Carlo De Cesare$gcon testi di: Bartolommeo Capasso, Napoli e Palepoli e di Giulio De Petra, Le origini di Napoli 210 $aNapoli$cLa Botteguccia$d1989 215 $aX, 131 p.$cill. $d21 cm 700 1$aCapasso$b, Bartolomeo$3A600200027052$4070$036189 702 1$aDe Petra, Giulio$3A600200040568$4070 702 1$aDe Cesare, Carlo$3A600200040569$4070 801 0$aIT$bUNISOB$c20200824$gRICA 850 $aUNISOB 852 $aUNISOB$j900$m59708 912 $aE600200024919 940 $aM 102 Monografia moderna SBN 941 $aM 957 $a900$b001898$gSi$d59708$racquisto$1pregresso1$2UNISOB$3UNISOB$420070201115321.0$520200512085537.0$6rovito 996 $aNapoli, Palepoli e Partenope$91687447 997 $aUNISOB LEADER 02147nam2 22004093i 450 001 PUV0257193 005 20231121125611.0 010 $a0674995635 100 $a20160623d1995 ||||0itac50 ba 101 | $agrc$aeng 102 $aus 181 1$6z01$ai $bxxxe 182 1$6z01$an 200 1 $a˜23: œPoetics$fAristoteles$gedited and translated by Sthephen Halliwell$cOn the sublime$fLonginus$gtranslation by W. H. Fyfe$grevised by Donald Russell$cOn style$fDemetrius$gedited and translated by Doreen C. Innes$gbased on W. Rhys Roberts 205 $a2. ed 210 $aCambridge (Mass.)$aLondon$cHarvard University press$d1995 215 $a533 p.$d17 cm. 225 | $a˜The œLoeb classical library$v199 410 0$1001CFI0109673$12001 $a˜The œLoeb classical library$v199 423 0$12001 $aOn the sublime$fLonginus$gtranslation by W.H. Fyfe$grevised by Donald Russell.$1700 0$aPseudo-Longinus$3CFIV070492$4070$1702 1$aFyfe$b, W. Hamilton$3SBLV301165$1702 1$aRussell$b, Donald A.$3UFIV121533 423 0$12001 $aOn style$fDemetrius$gedited and translated by Doreen C. Innes$gbased on W. Rhys Roberts.$1700 0$aDemetrius : Phalereus$3MILV035134$4070$1702 1$aInnes$b, Doreen C.$3TO0V168009$1702 1$aRoberts$b, William Rhys$3UFIV010560 461 1$1001PUV0235675$12001 $aAristotle$ein twenty three volumes 700 0$aAristoteles$3CFIV009389$4070$04207 702 1$aHalliwell$b, Stephen$3BVEV001807 790 0$aAristotele$3CFIV009390$zAristoteles 790 0$aAristote$3CFIV094388$zAristoteles 790 0$aAristotle$3CFIV203868$zAristoteles 790 0$aAristotél?s$3CFIV263964$zAristoteles 801 3$aIT$bIT-01$c20160623 850 $aIT-RM028 $aIT-FR0017 899 $aBiblioteca Universitaria Alessandrina$bRM028 899 $aBiblioteca umanistica Giorgio Aprea$bFR0017 912 $aPUV0257193 950 2$aBiblioteca umanistica Giorgio Aprea$d 52CIS LCL/G ARS 23$e 52VM 0000492105 VM barcode:00035382. - Inventario:7700 FLSVM$fB $h20041027$i20121204 977 $a 01$a 52 996 $aPoetica$915100 997 $aUNICAS